Statystyki dla Top 10 najlepszych strzelców LaLigi.

Kliknij tutaj aby rozwiązać quiz!

Ogólne statystyki

  • Ten quiz został rozwiązany 278 razy
  • Średni wynik to 4 z 10

Statystyki odpowiedzi

#PiłkarznarodowośćLiczba goli% Poprawnych
2Cristiano Ronaldo
311
99%
1Lionel Messi
474
99%
7Karim Benzema
222
67%
5Raúl González
228
55%
4Hugo Sánchez
234
42%
6Alfredo di Stéfano
227
41%
8César Rodríguez
221
4%
3Telmo Zarra
254
4%
9Quini
219
2%
10Pahiño
214
1%

Rozkład punktacji

Percentyl według liczby udzielonych odpowiedzi

Procent ludzi z każdym wynikiem

Twoja historia wyników

Nie rozwiązałeś tego quizu